Stolice świata najbliżej Reykjaviku - Statystyki

Ogólne statystyki
  • Ten quiz został rozwiązany 321 razy
  • Średni wynik to 15 z 20
Statystyki odpowiedzi
km stolica % Poprawnych
1751 Oslo
95%
1891 Londyn
92%
2775 Warszawa
92%
1496 Dublin
89%
2391 Berlin
88%
2110 Kopenhaga
88%
2136 Sztokholm
88%
2236 Paryż
87%
2021 Amsterdam
85%
2131 Bruksela
85%
2421 Helsinki
83%
2317 Luksemburg
73%
2641 Praga
70%
2455 Tallinn
69%
2795 Wilno
69%
2581 Ryga
66%
2617 Berno
63%
2686 Vaduz
51%
2230 N{uuk}
31%
798 T{hórshavn}
12%
Nie znaleziono quizów pasujących do podanych kryteriów
Rozkład punktacji
Procent ludzi z każdym wynikiem
Percentyl według liczby udzielonych odpowiedzi
Twoja historia wyników
Nie rozwiązałeś tego quizu